000 00225 a2200097 4500
001 13393
100 _aSoule, G
245 _aAmerica's stake in b future
260 _aLondon
_bOxford university press
_c
090 _c10407
_d10407
942 _aNUST-CAE
_cM
_c456
999 _c248466
_d248466